1351 1734 1445 1003 1043 1051 1126 1359 1724 1810 1638 1471 1181 1438 1937 1678 1147 1665 1400 1522 1680 1956 1876 1363 1051 1908 1556 1092 1583 1331 1217 1807 1420 1957 1141 1264 1052 1626 1533 1527 1161 1275 1813 1453 1899 1915 1794 1481 1194 1033 1917 1155 1516 1896 1771 1634 1858 1648 1276 1065 1886 1290 1703 1892 1208 1231 1222 1093 1169 1788 1413 1871 1329 1942 1620 1780 1988 1184 1842 1587 1001 1175 1206 1964 1259 1314 1172 1944 1704 1107 1893 1829 1959 1571 1090 1851 1976 1316 1295 BCNSPRNW ULIB Ver.6.0+V

เปลี่ยนเป็นภาษาไทย

Change to English
 แสดงรายละเอียดบรรณานุกรม
  กลับหน้าหลัก

Brief Record : Get Marc (ISO 2709) : E-mail record : QR code < ปิดหน้าต่าง
LEADER : 00000nam 2200000uu 4500
001    13399125837
003     ULIB
008    020711s2018 th a 000 0 eng d
020    ู^a9780323430135
060    ^aWY150^bL-F
100    ^aLittle Townsend.
245    ^aFundamental Concepts and skills for the Patient Care Technician/^cLittle Townsend.
260    ^aLouis,Missouri :^bElsevier,^c2018
300    ^a666 pages;^c30 cm
650    ^aPatient Care^xTechnician^ySkills
945    ^p2592^l0^i003219
999    ^aประนอม เกษจรัล
รายการนี้ยังไม่มีแท็ก
คุณยังไม่ได้ล็อกอิน คุณสามารถมีกิจกรรมร่วมกับเว็บไซต์ได้ แต่ต้องล็อกอินก่อน ::
  ล็อกอิน

รายการสื่อสารสนเทศ

ลำดับที่ ประเภท เลขเรียก/บาร์โค้ด สถานที่ สถานะ
1. วิทยาศาสตร์การแพทย์ และสุขภาพ
หนังสือสำรอง
สถานะ=หนังสือสำรอง
WY150 L-F ฉ.1. 
  Barcode: 003219
ห้องสมุดวิทยาเขตสวรรค์ประชารักษ์
►หนังสือทั่วไป
บนชั้น

BibComment


ยังไม่เคยถูกคอมเมนท์

คอมเมนท์ทรัพยากรรายการนี้
  คอมเมนท์: Fundamental Conc..


 Copyright 2026. Bcnsprnw @Library